000 00215nam a22000857a 4500
001 1256169
005 20251222122151.0
245 _aKOCAKAFA NATE - TEKRAR SAHNEDE
_cLİNCOLN PEİRCE
260 _bALTIN KİTAPLAR YAYINLARI
999 _c1256169
_d1256169